Children’s errors in mathematics

Saved in:
Bibliographic Details
Main Author: HANSEN, Alice
Format: Book
Language:English
Published: Learning Matters, Sage Publications, 2017.
Tags: Add Tag
No Tags, Be the first to tag this record!

MARC

LEADER 00000nam a22000007a 4500
008 210408b ||||| |||| 00| 0 eng d
020 |a 978-1-5264-1096-2 
100 |a HANSEN, Alice. 
245 |a Children’s errors in mathematics  |c Alice Hansen  |e (Transforming primary (QTS).   |g xvi, 254p 
250 |b 4th ed. 
260 |b Learning Matters, Sage Publications,   |c 2017.  |h London:   |i 692591  |i 692592  |l QA135.6 .H19  |m Mathematics – Study and teaching (Elementary) – Great Britain. 
500 |a “It includes index”. 
942 |a lcc  |c BK  |e Adeniran F. A  |f 08/04/2021 
952 |0 0  |1 0  |2 lcc  |4 0  |6 QA01356 H19  |7 0  |9 2076  |a HOL  |b SL  |c QZ  |d 2021-04-08  |l 0  |o QA135.6 .H19  |p 2021-5933  |r 2021-04-08 00:00:00  |w 2021-04-08  |y BK 
952 |0 0  |1 0  |2 lcc  |4 0  |6 QA01356 H19  |7 0  |9 2077  |a HOL  |b HOL  |c QZ  |d 2021-04-08  |l 0  |o QA135.6 .H19  |p 2021-5934  |r 2021-04-08 00:00:00  |w 2021-04-08  |y BK 
999 |c 1080  |d 1080